[Event "ProMoPro Open 2003"]
[Site "?"]
[Date "2003.09.07"]
[Round "2.1"]
[White "Jirka, Jiri"]
[Black "Jinova, Lucie"]
[Result "1-0"]
[WhiteElo "2400"]
[BlackElo "2116"]
[PlyCount "67"]
[EventDate "2003.09.06"]

1. d4 Nf6 2. c4 g6 3. g3 Bg7 4. Bg2 d6 5. Nc3 O-O 6. Nf3 Nbd7 7. O-O e5 8. h3
a6 9. b3 c6 10. Bb2 Re8 11. e4 b5 12. c5 Bb7 13. dxe5 dxe5 14. b4 a5 15. a3 Qc7
16. Qc2 Nf8 17. Rad1 Rad8 18. Rxd8 Rxd8 19. Nd1 Ne8 20. Ne3 Ne6 21. Rd1 Nd4 22.
Nxd4 exd4 23. Ng4 h5 24. Nh2 Bc8 25. Qd2 Be6 26. Nf3 Bb3 27. Re1 Qd7 28. e5 d3
29. Nd4 Bd5 30. Qxd3 Bxg2 31. Kxg2 Qd5+ 32. Qe4 axb4 33. axb4 Bxe5 34. Nxc6 {
cerny se vzdal} 1-0

[Event "ProMoPro Open 2003"]
[Site "?"]
[Date "2003.09.07"]
[Round "2.2"]
[White "Cernousek, Lukas"]
[Black "Kucera, Tomas"]
[Result "1-0"]
[WhiteElo "2293"]
[BlackElo "2111"]
[PlyCount "77"]
[EventDate "2003.09.06"]

1. e4 c5 2. Nf3 Nc6 3. d4 cxd4 4. Nxd4 Nf6 5. Nc3 e5 6. Ndb5 d6 7. Bg5 a6 8.
Na3 b5 9. Bxf6 gxf6 10. Nd5 f5 11. Bd3 Be6 12. O-O Bg7 13. Qh5 f4 14. c3 O-O
15. Rfd1 Ra7 16. Nc2 f5 17. Ncb4 Nxb4 18. Nxb4 Raf7 19. exf5 Bxf5 20. Bxf5 Rxf5
21. Qf3 Kh8 22. Nxa6 e4 23. Qxe4 f3 24. g3 Re5 25. Qg4 Rg5 26. Qh4 Bf6 27. Qh3
Rfg8 28. Rd3 Qa8 29. Qe6 Be5 30. Nb4 Qe4 31. Qd5 Qh4 32. Qxf3 h5 33. Nc6 Qh3
34. Nxe5 dxe5 35. Qg2 Qg4 36. Re1 h4 37. Re4 Qh5 38. Qh3 Qh6 39. Rxh4 {
cerny se vzdal} 1-0

[Event "ProMoPro Open 2003"]
[Site "?"]
[Date "2003.09.07"]
[Round "2.3"]
[White "Novak, Vacla"]
[Black "Studnicka, Tomas"]
[Result "0-1"]
[WhiteElo "2113"]
[BlackElo "2282"]
[PlyCount "122"]
[EventDate "2003.09.06"]

1. e4 c5 2. Nf3 e6 3. d3 Nc6 4. g3 d5 5. exd5 exd5 6. Qe2+ Be7 7. Bg2 Nf6 8.
O-O Bg4 9. c3 Qd7 10. Bf4 O-O-O 11. a3 Rhe8 12. Qc2 Nh5 13. Be3 Kb8 14. b4 d4
15. b5 dxe3 16. bxc6 Qxd3 17. Qxd3 Rxd3 18. Ne5 Rd1 19. fxe3 Rxf1+ 20. Kxf1 Be6
21. cxb7 Bd6 22. Nc6+ Kxb7 23. Nd2 a6 24. Ne4 Kc7 25. Rd1 Bf8 26. Kf2 Bb3 27.
Rd2 f5 28. Ng5 Nf6 29. Na5 Bg8 30. Rb2 Ng4+ 31. Kg1 Nxe3 32. Rb7+ Kc8 33. Bc6
Re7 34. Rb6 Nc4 35. Bb7+ Kc7 36. Rc6+ Kd7 37. Bc8+ Kd8 38. Nb7+ Ke8 39. Ne6
Bxe6 40. Bxe6 Rxb7 41. Bxc4 a5 42. Ra6 Rb2 43. Rxa5 Bd6 44. Bb5+ Ke7 45. c4 Be5
46. Bc6 Bd4+ 47. Kh1 Kf6 48. Bd5 Kg5 49. h3 f4 50. Rb5 Rf2 51. gxf4+ Kxf4 52.
Rb3 g5 53. a4 Be3 54. Be6 h5 55. Rb1 g4 56. hxg4 hxg4 57. Bd5 Re2 58. Rg1 Bxg1
59. Kxg1 Kg3 60. Kf1 Ra2 61. Bc6 Kh2 {bily se vzdal} 0-1

[Event "ProMoPro Open 2003"]
[Site "?"]
[Date "2003.09.07"]
[Round "2.4"]
[White "Forman, Stepan"]
[Black "Hackel, Ludek"]
[Result "0-1"]
[WhiteElo "2252"]
[BlackElo "2107"]
[PlyCount "74"]
[EventDate "2003.09.06"]

1. c4 Nf6 2. Nc3 g6 3. e4 d6 4. d4 Bg7 5. Nf3 O-O 6. Be2 e5 7. dxe5 dxe5 8.
Qxd8 Rxd8 9. Bg5 Re8 10. O-O-O c6 {#} 11. Nxe5 Na6 12. f4 Nc5 13. Bf3 Ne6 14.
h4 Nh5 15. Bxh5 gxh5 16. Nd7 Bxd7 17. Rxd7 f6 18. Rd6 fxg5 19. f5 Bxc3 20. bxc3
Nc5 21. hxg5 Nxe4 22. Rh6 Ng3 23. Rh3 Re3 24. g6 Nxf5 25. gxh7+ Kh8 26. R6xh5
Rxh3 27. Rxh3 Rd8 28. g4 Ne7 29. g5 Kg7 30. Rf3 Rh8 31. Rd3 Rxh7 32. Rd7 Kg6
33. Rxb7 Nf5 34. Rb8 Rc7 35. a4 Kxg5 36. a5 Kf6 37. a6 Ke6 {bily se vzdal} 0-1

[Event "ProMoPro Open 2003"]
[Site "?"]
[Date "2003.09.07"]
[Round "2.5"]
[White "Chalupa, Ivan"]
[Black "Matras, Ondrej"]
[Result "0-1"]
[WhiteElo "2086"]
[BlackElo "2242"]
[PlyCount "86"]
[EventDate "2003.09.06"]

1. e4 e6 2. d4 d5 3. Nd2 Nf6 4. e5 Nfd7 5. f4 c5 6. c3 Nc6 7. Ngf3 Qb6 8. Nb3
cxd4 9. cxd4 a5 10. a4 Bb4+ 11. Kf2 f6 12. Be3 O-O 13. Bd3 Be7 14. h4 f5 15. h5
Nb4 16. Bb1 Qd8 17. Rg1 Nb6 18. g4 fxg4 19. Rxg4 Nc4 20. Qg1 Rf7 21. h6 Qf8 22.
Bc1 g6 23. Qh2 b6 24. Nbd2 Nxd2 25. Bxd2 Ba6 26. Bxb4 axb4 27. Bc2 Rc8 28. Ke3
Kh8 29. Bd1 Bd8 30. Ng5 Rfc7 31. Nxe6 Qf5 32. Nxc7 Qd3+ 33. Kf2 Rxc7 34. Rg1
Rf7 35. Kg2 Qxd4 36. Bf3 Rxf4 37. Rad1 Qxb2+ 38. Kh1 Rh4 39. Qxh4 Bxh4 40. Rxd5
Bb7 41. Rd3 Qc2 42. Bxb7 Qxd3 43. Bg2 Qe3 {bily se vzdal} 0-1

[Event "ProMoPro Open 2003"]
[Site "?"]
[Date "2003.09.07"]
[Round "2.6"]
[White "Stross, Frantisek"]
[Black "Horyna, Josef"]
[Result "1-0"]
[WhiteElo "2229"]
[BlackElo "2029"]
[PlyCount "99"]
[EventDate "2003.09.06"]

1. e4 e6 2. d4 d5 3. Nc3 Nf6 4. Bg5 Bb4 5. e5 h6 6. Bc1 Nfd7 7. Qg4 Kf8 8. a3
Bxc3+ 9. bxc3 c5 10. h4 Nc6 11. Nf3 Qa5 12. Bd2 cxd4 13. cxd4 Qa4 14. c3 Ncxe5
15. Nxe5 Nxe5 16. Qf4 Nc4 17. Bxc4 dxc4 18. Qd6+ Ke8 19. Rh3 Qc6 20. Qxc6+ bxc6
21. Rg3 g6 22. Bf4 Ke7 23. Rb1 a5 24. Re3 g5 25. Bg3 Ra7 26. Re2 Ba6 27. a4 Rd8
28. Reb2 Bc8 29. Rb6 Bd7 30. Bb8 Ra8 31. hxg5 hxg5 32. Rb7 f5 33. Be5 Rdc8 34.
Ke2 Rf8 35. Rh1 Rf7 36. Rh5 g4 37. Ke3 Rc8 38. Rh6 Ra8 {#} 39. Bb8 Ra6 40. Ba7
f4+ 41. Ke4 Kf8 42. Rg6 Rxa7 43. Rxa7 c5 44. Rc7 cxd4 45. Kxd4 Bxa4 46. Rxf7+
Kxf7 47. Rxg4 Bb3 48. Rxf4+ Ke7 49. Kc5 e5 50. Rxc4 {cerny se vzdal} 1-0

[Event "ProMoPro Open 2003"]
[Site "?"]
[Date "2003.09.07"]
[Round "2.8"]
[White "Csala, Jan"]
[Black "Korsa, Jindrich"]
[Result "1-0"]
[WhiteElo "2204"]
[BlackElo "1995"]
[PlyCount "83"]
[EventDate "2003.09.06"]

1. d4 g6 2. c4 Bg7 3. Nc3 d6 4. e4 Nf6 5. Nf3 O-O 6. Be2 e5 7. O-O Nc6 8. d5
Ne7 9. Ne1 Nd7 10. Nd3 f5 11. f3 f4 12. g4 h5 13. h3 hxg4 14. hxg4 Bf6 15. Bd2
Bh4 16. Be1 g5 17. Bxh4 gxh4 18. Nf2 Ng6 19. Nh3 Kg7 20. b4 Nf6 21. c5 Nh7 22.
Rf2 Ng5 23. Bf1 Nxh3+ 24. Bxh3 Nh8 25. Rc1 Nf7 26. Kh2 Bd7 27. Rfc2 a5 28. a3
axb4 29. axb4 Ba4 30. Nxa4 Rxa4 31. cxd6 cxd6 32. g5 Qa8 33. Qg1 Ra2 34. Bf5
Qa3 35. Rxa2 Qxa2+ 36. Kh3 Qa3 37. Kg4 Rh8 38. Rc7 Kf8 {#} 39. Rxf7+ Kxf7 40.
Qb6 Qc1 41. Qxb7+ Kf8 42. Be6 {cerny se vzdal} 1-0

[Event "ProMoPro Open 2003"]
[Site "?"]
[Date "2003.09.07"]
[Round "2.9"]
[White "Londyn, Radek"]
[Black "Sodoma, Jan"]
[Result "1-0"]
[WhiteElo "2152"]
[BlackElo "2183"]
[PlyCount "65"]
[EventDate "2003.09.06"]

1. e4 e5 2. Nf3 Nc6 3. Bc4 Nf6 4. d3 Be7 5. O-O O-O 6. Re1 d6 7. c3 Na5 8. Bb5
a6 9. Ba4 b5 10. Bc2 c5 11. d4 cxd4 12. cxd4 Qc7 13. Nc3 Bb7 14. d5 Rac8 15.
Bd3 Nd7 16. Ne2 f5 17. Ng3 fxe4 18. Bxe4 Nc4 19. h3 Ncb6 20. Be3 Qb8 21. Qd3 h6
22. Nf5 Bf6 23. N3h4 Nc5 24. Bxc5 Rxc5 25. Qg3 Bg5 26. Nf3 Rxf5 27. Bxf5 Bf4
28. Qg6 Bxd5 29. Be6+ Kh8 30. Rad1 Bxf3 31. Bf5 Kg8 32. Rxd6 Bh5 33. Rxb6 {
cerny se vzdal} 1-0

[Event "ProMoPro Open 2003"]
[Site "?"]
[Date "2003.09.07"]
[Round "2.10"]
[White "Bernasek, Vaclav"]
[Black "Dusek, Martin"]
[Result "1/2-1/2"]
[WhiteElo "1990"]
[BlackElo "2146"]
[PlyCount "107"]
[EventDate "2003.09.06"]

1. d4 Nf6 2. c4 e6 3. Nf3 b6 4. e3 Bb7 5. Bd3 c5 6. O-O Nc6 7. b3 Be7 8. Bb2 d5
9. Nbd2 O-O 10. Qe2 Nb4 11. Bb1 a5 12. a3 Nc6 13. e4 dxe4 14. Nxe4 Nxd4 15.
Nxd4 cxd4 16. Ng5 h6 17. Nf3 Bxf3 18. gxf3 Bd6 19. Rd1 e5 20. f4 Re8 21. fxe5
Bxe5 22. Qf3 Qd6 23. h3 Rad8 24. Bc2 Qc5 25. Rd3 Rd6 26. a4 Rde6 27. Rad1 Bb8
28. Kf1 Qb4 29. Rxd4 Be5 30. Bc3 Qe7 31. R4d3 Bxc3 32. Rxc3 Re1+ 33. Rxe1 Qxe1+
34. Kg2 Qd2 35. Qd3 Qxd3 36. Bxd3 Kf8 37. c5 Rc8 38. c6 Ke7 39. Bb5 Nd5 40. Rc1
f5 41. h4 g5 42. hxg5 hxg5 43. Rh1 Kd6 44. Rc1 g4 45. Kg3 Rg8 46. Rd1 f4+ 47.
Kh4 g3 48. fxg3 fxg3 49. Kh3 g2 50. Kh2 g1=Q+ 51. Rxg1 Rxg1 52. Kxg1 Nb4 53.
Kf2 Nxc6 54. Ke3 {remis} 1/2-1/2

[Event "ProMoPro Open 2003"]
[Site "?"]
[Date "2003.09.07"]
[Round "2.11"]
[White "Rmoutil, Martin"]
[Black "Soural, Jan"]
[Result "0-1"]
[WhiteElo "1841"]
[BlackElo "2143"]
[PlyCount "42"]
[EventDate "2003.09.06"]

1. d4 Nf6 2. Bg5 d5 3. Nc3 Bf5 4. f3 Nbd7 5. Qd2 h6 6. Bf4 c6 7. O-O-O e6 8.
Qe1 Bb4 9. a3 a5 10. axb4 axb4 11. Nb1 b3 12. cxb3 Ra1 13. e4 dxe4 14. g4 Bg6
15. h3 Nd5 16. Be3 Qb6 17. b4 Ne5 18. f4 Nd3+ 19. Bxd3 exd3 20. Bd2 Nxb4 21.
Bxb4 Rxb1+ {bily se vzdal} 0-1

[Event "ProMoPro Open 2003"]
[Site "?"]
[Date "2003.09.07"]
[Round "2.12"]
[White "Podbrdsky, Pavel"]
[Black "Forman, Miroslav"]
[Result "1-0"]
[WhiteElo "2142"]
[BlackElo "1828"]
[PlyCount "47"]
[EventDate "2003.09.06"]

1. c4 Nf6 2. Nc3 g6 3. g3 Bg7 4. Bg2 O-O 5. e4 e5 6. Nge2 d6 7. O-O Be6 8. d3
Qd7 9. Nd5 Ne8 10. f4 c6 11. Ne3 Bh3 12. f5 Bxg2 13. Kxg2 Na6 14. g4 g5 15. f6
Nxf6 16. Ng3 Nc5 17. Nef5 Ne6 18. Nxg7 Kxg7 19. Rxf6 Kxf6 20. Nf5 Nd4 {#} 21.
Bxg5+ Kxg5 22. Qd2+ Kxg4 23. h3+ Kh5 24. Qh6# 1-0

[Event "ProMoPro Open 2003"]
[Site "?"]
[Date "2003.09.07"]
[Round "2.13"]
[White "Cabart, Pavel"]
[Black "Pirklova, Hana"]
[Result "0-1"]
[WhiteElo "1250"]
[BlackElo "2139"]
[PlyCount "22"]
[EventDate "2003.09.06"]

1. e4 e6 2. d4 d5 3. Nc3 Nf6 4. Bg5 Bb4 5. e5 h6 6. Bc1 Ne4 7. Qg4 g6 8. Nge2
c5 9. f3 cxd4 10. fxe4 dxc3 11. exd5 cxb2+ {bily se vzdal} 0-1

[Event "ProMoPro Open 2003"]
[Site "?"]
[Date "2003.09.07"]
[Round "2.14"]
[White "Urbanek, Stepan"]
[Black "Hejl, Jaroslav"]
[Result "1-0"]
[WhiteElo "2120"]
[BlackElo "1709"]
[PlyCount "57"]
[EventDate "2003.09.06"]

1. e4 e6 2. d4 d5 3. Nc3 Bb4 4. e5 c5 5. a3 Bxc3+ 6. bxc3 Ne7 7. Nf3 O-O 8. Bd3
Ng6 9. h4 c4 10. Be2 Nd7 11. h5 Ne7 12. h6 g6 13. Bg5 f6 14. exf6 Nxf6 15. Bxf6
Rxf6 16. Qd2 Nf5 17. Ne5 Nd6 18. Bf3 Bd7 19. Qg5 Ba4 20. Ra2 Nb5 21. Kd2 Nd6
22. Re1 Ne4+ 23. Rxe4 dxe4 24. Ng4 Rf8 25. Qe5 Qe7 26. Bxe4 Rab8 27. Bd5 Rbe8
28. Bxe6+ Rf7 29. Qg7# 1-0

[Event "ProMoPro Open 2003"]
[Site "?"]
[Date "2003.09.07"]
[Round "2.15"]
[White "Hybl, Vladislav"]
[Black "Neuman, Petr"]
[Result "0-1"]
[WhiteElo "1827"]
[BlackElo "2438"]
[PlyCount "42"]
[EventDate "2003.09.06"]

1. f4 d5 2. Nf3 Nf6 3. e3 g6 4. d4 Bg7 5. Bd3 O-O 6. O-O Bf5 7. Bxf5 gxf5 8.
Nbd2 Nbd7 9. b3 c5 10. c4 cxd4 11. Nxd4 e6 12. Ba3 Re8 13. Rc1 Qa5 14. Nb5 dxc4
15. bxc4 a6 16. Nb3 Qa4 17. Nc7 Qxa3 18. Nxa8 Rxa8 19. Qc2 Ne4 20. Rfd1 Ndc5
21. Nd4 Qxe3+ {bily se vzdal} 0-1

[Event "ProMoPro Open 2003"]
[Site "?"]
[Date "2003.09.07"]
[Round "2.16"]
[White "Nemcova, Kristyna"]
[Black "Urbankova, Eva"]
[Result "0-1"]
[WhiteElo "1808"]
[BlackElo "2172"]
[PlyCount "63"]
[EventDate "2003.09.06"]

1. e4 c5 2. Nf3 Nc6 3. d4 cxd4 4. Nxd4 Nf6 5. Nc3 d6 6. Be2 e5 7. Nb3 Be7 8.
Bg5 O-O 9. Bxf6 Bxf6 10. O-O Be6 11. Nd5 Bg5 12. Bf3 a5 13. a4 Nb4 14. Nxb4
axb4 15. Qd3 Qc7 16. Nd2 Rfc8 17. Bd1 Rd8 18. Re1 Qc6 19. b3 d5 20. Nf3 Bf6 21.
Rb1 Rac8 22. Rc1 g6 23. exd5 Rxd5 24. Qe3 Bf5 25. Nd2 Rd4 26. Bf3 Qd7 27. Ne4
Bxe4 28. Bxe4 Rc3 29. Qe2 Rd2 30. Qb5 Qd4 31. Qxb7 Bd8 32. Kh1 {
bila prekrocila cas} 0-1

[Event "ProMoPro Open 2003"]
[Site "?"]
[Date "2003.09.07"]
[Round "2.17"]
[White "Kubikova, Hana"]
[Black "Nemcova, Katerina"]
[Result "1-0"]
[WhiteElo "2145"]
[BlackElo "2031"]
[PlyCount "91"]
[EventDate "2003.09.06"]

1. d4 Nf6 2. Nf3 g6 3. c4 Bg7 4. g3 O-O 5. Bg2 d6 6. O-O Nbd7 7. Nc3 e5 8. e4
h6 9. h3 c6 10. Be3 Qe7 11. Qc2 Nb6 12. b3 Nh5 13. Rad1 Nd7 14. Rfe1 Re8 15.
Kh2 Kh7 16. Re2 Qf8 17. dxe5 dxe5 18. Red2 Nc5 19. b4 Ne6 20. c5 Nc7 21. Nh4
Qe7 22. Rd6 Be6 {#} 23. Nf5 Qf8 24. Nxg7 Qxg7 25. a4 a6 26. a5 Qf8 27. Bf1 Qe7
28. Qd2 Qf8 29. f4 exf4 30. gxf4 f5 31. Bg2 Qf6 32. e5 Qh4 33. Qe1 Qe7 34. Bf3
Ng7 35. Qg3 Red8 36. Rg1 Qf7 37. Rgd1 Qe7 38. Bf2 Rd7 39. Qh4 Qf7 40. Qf6 Qe8
41. Rxd7 Bxd7 42. Qd6 Rd8 43. Qxc7 Ne6 44. Qxb7 Kh8 45. Na4 Nxf4 46. Nb6 {
cerny se vzdal} 1-0

[Event "ProMoPro Open 2003"]
[Site "?"]
[Date "2003.09.07"]
[Round "2.18"]
[White "Hausner, Ivan"]
[Black "Cebis, Petr"]
[Result "1-0"]
[WhiteElo "2441"]
[BlackElo "1852"]
[PlyCount "53"]
[EventDate "2003.09.06"]

1. e4 e6 2. d4 d5 3. Nd2 Nf6 4. e5 Nfd7 5. Bd3 c5 6. c3 Nc6 7. Ngf3 Qb6 8. O-O
cxd4 9. cxd4 Nxd4 10. Nxd4 Qxd4 11. Nf3 Qb6 12. Qa4 Bc5 13. Qg4 g6 14. h4 Qb4
15. Qg3 Nf8 16. a3 Qb3 17. Ng5 Be7 18. Nxf7 Rg8 19. Nh6 Qa4 20. Nxg8 Bxh4 21.
Qf3 Bd7 22. Nf6+ Kd8 23. Bh6 Kc7 24. Rac1+ Bc6 25. Bxf8 Rxf8 26. Nxd5+ exd5 27.
Qxf8 {cerny se vzdal} 1-0

[Event "ProMoPro Open 2003"]
[Site "?"]
[Date "2003.09.07"]
[Round "2.19"]
[White "Kudrna, Jakub"]
[Black "Stehno, Pavel"]
[Result "0-1"]
[WhiteElo "1796"]
[BlackElo "2327"]
[PlyCount "88"]
[EventDate "2003.09.06"]

1. d4 Nf6 2. c4 g6 3. Nc3 Bg7 4. e4 d6 5. f3 Nbd7 6. Be3 O-O 7. Bd3 a6 8. Qd2
Re8 9. Nge2 c5 10. O-O b6 11. d5 Ne5 12. Rad1 Ra7 13. b3 Nxd3 14. Qxd3 Rd7 15.
Rd2 Bb7 16. Nf4 Qc7 17. h3 Rdd8 18. Rfd1 Bc8 19. Qc2 Bd7 20. a4 Rb8 21. Qd3 Rb7
22. Rb1 Reb8 23. Rdd1 Be8 24. Nfe2 b5 25. axb5 axb5 26. cxb5 Bxb5 27. Nxb5 Rxb5
28. Qc2 Qb7 29. Nc1 Nd7 30. f4 Nf6 31. Rf1 Rb4 32. e5 Nxd5 33. Bd2 Rb5 34. exd6
exd6 35. f5 Re8 36. fxg6 hxg6 37. Qd3 Bd4+ 38. Kh1 Ne3 39. Rf3 Nf5 40. Ne2 Qe4
41. Qxb5 Qxb1+ 42. Bc1 Rxe2 43. Qxe2 Qxc1+ 44. Kh2 Qg1# 0-1

[Event "ProMoPro Open 2003"]
[Site "?"]
[Date "2003.09.07"]
[Round "2.20"]
[White "Kriz, Pavel"]
[Black "Kudela, Stanislav"]
[Result "1/2-1/2"]
[WhiteElo "1792"]
[BlackElo "2178"]
[PlyCount "120"]
[EventDate "2003.09.06"]

1. e4 e5 2. Nf3 Nc6 3. d4 exd4 4. Bc4 Nf6 5. e5 Ne4 6. c3 Be7 7. cxd4 d5 8. Bb5
O-O 9. O-O Bg4 10. Be3 f5 11. Be2 f4 12. Bc1 h5 13. Nbd2 Be6 14. Qc2 Bf5 15.
Qa4 g5 16. Ne1 g4 17. f3 Ng5 18. Nb3 Ne6 19. fxg4 Bxg4 20. Bf3 a6 21. Na5 Ncxd4
22. Bxg4 hxg4 23. Kh1 b5 24. Qd1 f3 25. gxf3 Bb4 26. Nb3 Nxb3 27. axb3 Bxe1 28.
Qxe1 Ng7 29. fxg4 Rxf1+ 30. Qxf1 Qe7 31. Qf6 Re8 32. Qxe7 Rxe7 33. Bf4 Ne6 34.
Bg3 Nc5 35. b4 Nd3 36. Rxa6 Nxb4 37. Ra8+ Kg7 38. Be1 Nc6 39. Rc8 d4 40. Kg2
Kf7 41. h4 Nxe5 42. Kg3 Nd3 43. Bd2 c5 44. h5 c4 45. h6 Kg6 46. Rc6+ Kh7 47. g5
Ne5 48. Rb6 Ng6 49. Rxb5 Rc7 50. Bb4 c3 51. bxc3 dxc3 52. Rc5 Rxc5 53. Bxc5 c2
54. Ba3 Nf8 55. Bc1 Kg6 56. Kf3 Ne6 57. Kg4 Nd4 58. h7 Kxh7 59. Kh5 Nb3 60. g6+
Kg8 {remis} 1/2-1/2

[Event "ProMoPro Open 2003"]
[Site "?"]
[Date "2003.09.07"]
[Round "2.21"]
[White "Masek, Miroslav"]
[Black "Listopad, Martin"]
[Result "1-0"]
[WhiteElo "2178"]
[BlackElo "1823"]
[PlyCount "99"]
[EventDate "2003.09.06"]

1. d4 Nf6 2. Nf3 d6 3. c4 g6 4. Nc3 Bg7 5. e4 O-O 6. Be2 e5 7. O-O Nh5 8. Re1
Nd7 9. d5 f5 10. Ng5 Ndf6 11. Bf3 f4 12. b4 Qe8 13. Ba3 h6 14. Ne6 Bxe6 15.
dxe6 Qxe6 16. c5 Rad8 17. cxd6 Rxd6 18. Qc1 Rfd8 19. b5 R6d7 20. Bd1 Kh7 21. h3
Rd3 22. Bb3 Qd7 23. Na4 Rxh3 24. Nc5 Qg4 25. Be6 Rh1+ 26. Kxh1 Qh4+ 27. Kg1 f3
28. Qe3 Rf8 29. Qxf3 Nd5 30. Qe2 Ndf4 31. Qg4 Qe7 32. Bb3 Nf6 33. Qf3 Kh8 34.
Bc4 Re8 35. Nxb7 Qd7 36. Rad1 Qc8 37. Na5 g5 38. Nc6 g4 39. Qe3 h5 40. Rd2 Bh6
41. Kf1 h4 42. Ne7 Qb7 43. Nf5 Bg5 44. Be7 Rxe7 45. Nxe7 g3 46. Qf3 h3 47. gxh3
gxf2 48. Rxf2 Bh4 49. Nd5 N6xd5 50. exd5 {cerny se vzdal} 1-0

[Event "ProMoPro Open 2003"]
[Site "?"]
[Date "2003.09.07"]
[Round "2.22"]
[White "Voboril, Pavel"]
[Black "Steinhauser, Dominik"]
[Result "1-0"]
[WhiteElo "2109"]
[BlackElo "1793"]
[PlyCount "127"]
[EventDate "2003.09.06"]

1. e4 c5 2. Nf3 d6 3. d4 cxd4 4. Nxd4 Nf6 5. Nc3 g6 6. Be3 Bg7 7. f3 O-O 8. Bc4
Nc6 9. Qd2 Bd7 10. O-O-O Rc8 11. Bb3 Ne5 12. h4 h5 13. Qe2 a5 14. a4 Nc6 15.
Ndb5 Nb4 16. Kb1 Bxb5 17. Qxb5 Nd7 18. g4 Nc5 19. Bxc5 Rxc5 20. Qxc5 dxc5 21.
Rxd8 Rxd8 22. gxh5 gxh5 23. Rg1 Rd2 24. Nd1 Kf8 25. c3 Nd3 26. Rg5 Bf6 27. Rxh5
c4 28. Bxc4 Rxd1+ 29. Kc2 Nf2 30. e5 Bg7 31. Rf5 f6 32. h5 Ke8 33. exf6 Bxf6
34. h6 Rh1 35. Rxa5 Rxh6 36. Be6 Kd8 37. Rd5+ Kc7 38. Rd7+ Kc6 39. Rd2 Bh4 40.
Bd5+ Kb6 41. Rd4 Bf6 42. Rb4+ Ka6 43. Bxb7+ Ka7 44. Bd5 Rh5 45. c4 Nh3 46. Rb7+
Ka6 47. Rb8 Nf4 48. Ra8+ Kb6 49. a5+ Kc7 50. Ra7+ Kb8 51. Rb7+ Kc8 52. Rb5 Nxd5
53. cxd5 e6 54. a6 Rh2+ 55. Kb1 Be5 56. dxe6 Re2 57. Rb4 Bh2 58. Rb7 Bf4 59. b4
Bd6 60. Rd7 Re1+ 61. Kc2 Bxb4 62. a7 Ra1 63. Rg7 Bc5 64. e7 1-0

[Event "ProMoPro Open 2003"]
[Site "?"]
[Date "2003.09.07"]
[Round "2.23"]
[White "Havrlik, Pavel"]
[Black "Steinhauser , Frantisek"]
[Result "1-0"]
[WhiteElo "2003"]
[BlackElo "1763"]
[PlyCount "47"]
[EventDate "2003.09.06"]

1. c4 Nf6 2. Nf3 g6 3. b3 Bg7 4. Bb2 O-O 5. e3 d6 6. d4 Nfd7 7. Qc2 f5 8. Be2
e5 9. dxe5 dxe5 10. h4 Nc6 11. a3 Qe7 12. Nc3 Nf6 13. Nd5 Qf7 14. Ng5 Qd7 15.
O-O-O Nxd5 16. cxd5 Nd8 17. Kb1 Qe7 18. Rc1 c6 19. Bc4 cxd5 20. Bxd5+ Ne6 21.
Qc7 Qxc7 22. Rxc7 Re8 23. Rxc8 Raxc8 24. Bxe6+ {cerny se vzdal} 1-0

[Event "ProMoPro Open 2003"]
[Site "?"]
[Date "2003.09.07"]
[Round "2.24"]
[White "Hampel, Rudolf"]
[Black "Matocha, Pavel"]
[Result "0-1"]
[WhiteElo "1757"]
[BlackElo "1998"]
[PlyCount "114"]
[EventDate "2003.09.06"]

1. e4 c5 2. Nc3 d6 3. f4 Nc6 4. Nf3 g6 5. Bc4 Bg7 6. O-O Nf6 7. f5 e6 8. fxe6
Bxe6 9. Bxe6 fxe6 10. d3 O-O 11. Bg5 Qd7 12. Qd2 Nd4 13. Rae1 Ng4 14. h3 Nxf3+
15. gxf3 Nf6 16. Kg2 Nh5 17. Ne2 e5 18. c3 d5 19. Rd1 d4 20. cxd4 cxd4 21. Rc1
Rac8 22. Rxc8 Qxc8 23. Rc1 Qd7 24. Rc4 Qf7 25. Ng1 Re8 26. b3 Qf8 27. Qc1 h6
28. Bd2 Nf4+ 29. Bxf4 Qxf4 30. Qxf4 exf4 31. Rc7 Rb8 32. Ne2 g5 33. Kf1 Kf8 34.
Ke1 Be5 35. Rc5 Re8 36. Rd5 Kf7 37. Nxd4 Bxd4 38. Rxd4 Re7 39. Ke2 Kg6 40. Kf2
Kh5 41. a4 Kh4 42. Kg2 a5 43. Rc4 b5 44. axb5 Rb7 45. Rc6 h5 46. b6 Rd7 47. d4
Rxd4 48. Rc3 Rb4 49. Rc5 Rxb6 50. Rxa5 Rxb3 51. Ra2 Re3 52. Kf2 Kxh3 53. Re2 g4
54. fxg4 Rxe2+ 55. Kxe2 Kxg4 56. Kd3 f3 57. Ke3 Kg3 {bily se vzdal} 0-1

[Event "ProMoPro Open 2003"]
[Site "?"]
[Date "2003.09.07"]
[Round "2.25"]
[White "Krivanek, Vladimir"]
[Black "Horinek, Karel"]
[Result "1/2-1/2"]
[WhiteElo "1744"]
[BlackElo "1946"]
[PlyCount "100"]
[EventDate "2003.09.06"]

1. e4 c5 2. Nc3 Nc6 3. f4 e6 4. Nf3 Nge7 5. Be2 d5 6. e5 Nf5 7. O-O Be7 8. d3
b6 9. g4 Nfd4 10. Be3 Nxe2+ 11. Nxe2 d4 12. Bf2 Bb7 13. Nd2 Qd5 14. c4 dxc3 15.
Nxc3 Qxd3 16. Nde4 Qxd1 17. Raxd1 Nd4 18. Bxd4 cxd4 19. Rxd4 Bc5 20. Nxc5 bxc5
21. Rd6 Ke7 22. Na4 Rhc8 23. Kf2 Bd5 24. Nc3 Rd8 25. Nxd5+ exd5 26. Ra6 Rd7 27.
Rc6 Rb8 28. Rb1 Rb5 29. a4 Rb4 30. Kf3 c4 31. a5 Rb3+ 32. Kf2 Rdb7 33. a6 Rd7
34. f5 Rb4 35. e6 fxe6 36. fxe6 Rd6 37. Rc7+ Kxe6 38. Rxa7 c3 39. Re1+ Kf6 40.
bxc3 Ra4 41. g5+ Kxg5 42. Rxg7+ Kf6 43. Rxh7 Rdxa6 44. Kg3 Kg6 45. Rhe7 Ra3 46.
R1e3 Rc6 47. Kf4 Raxc3 48. R3e6+ Rxe6 49. Rxe6+ Kf7 50. Rd6 Rh3 {remis
}
1/2-1/2

[Event "ProMoPro Open 2003"]
[Site "?"]
[Date "2003.09.07"]
[Round "2.26"]
[White "Kosar, Milan"]
[Black "Vohnout, Pavel"]
[Result "0-1"]
[WhiteElo "1713"]
[BlackElo "2008"]
[PlyCount "128"]
[EventDate "2003.09.06"]

1. e4 c5 2. Nf3 d6 3. d4 cxd4 4. Nxd4 Nf6 5. Nc3 g6 6. f4 Qa5 7. Bd2 Qb6 8.
Bb5+ Nc6 9. Nxc6 bxc6 10. Be2 Bg7 11. Bf3 Ba6 12. Rb1 O-O 13. Be2 Rab8 14. Bxa6
Qxa6 15. Qe2 Qxe2+ 16. Kxe2 Rb7 17. b3 Nd7 18. Nd1 Nc5 19. Nf2 f5 20. exf5 gxf5
21. Rhe1 e5 22. fxe5 Bxe5 23. h3 Ne4 24. Nxe4 fxe4 25. Rf1 Re8 26. g4 d5 27.
Bh6 d4 28. Rf5 Bg7 29. Bxg7 Kxg7 30. Rbf1 Rd7 31. Rf6 d3+ 32. cxd3 exd3+ 33.
Kd1 Re2 34. R1f2 Rxa2 35. Rxa2 Kxf6 36. Kd2 Ke5 37. Ra4 Rb7 38. b4 Rd7 39. Ra6
Rb7 40. Rxc6 Rxb4 41. Rc7 Kd4 42. Rxh7 Rb2+ 43. Kd1 a5 44. Ra7 a4 45. Rd7+ Kc3
46. Rc7+ Kb4 47. Rb7+ Kc3 48. Rc7+ Kb3 49. Rb7+ Ka2 50. Rd7 Rb3 51. Kc1 Rc3+
52. Kd2 Rb3 53. Kc1 a3 54. g5 Rb1+ 55. Kd2 Rg1 56. Rxd3 Kb2 57. Rd8 Rg2+ 58.
Ke3 Rxg5 59. Rb8+ Kc3 60. Ra8 Kb4 61. Kd2 a2 62. Kc1 a1=Q+ 63. Rxa1 Kb3 64.
Rb1+ Kc3 0-1

[Event "ProMoPro Open 2003"]
[Site "?"]
[Date "2003.09.07"]
[Round "2.27"]
[White "Konopka, Lukas"]
[Black "Erneker, Josef"]
[Result "1-0"]
[WhiteElo "1669"]
[BlackElo "1990"]
[PlyCount "43"]
[EventDate "2003.09.06"]

1. e4 c5 2. Nf3 d6 3. d4 cxd4 4. Nxd4 Nf6 5. Nc3 g6 6. Be3 Bg7 7. f3 O-O 8. Qd2
Nc6 9. Bc4 Bd7 10. Nxc6 bxc6 11. Bh6 Bxh6 12. Qxh6 e6 13. O-O-O d5 14. e5 Ne8
15. Bd3 c5 16. h4 Ng7 17. h5 Nf5 18. Bxf5 gxf5 19. g4 fxg4 20. Rhg1 Kh8 21.
Rxg4 Rg8 22. Rdg1 {cerny se vzdal} 1-0

[Event "ProMoPro Open 2003"]
[Site "?"]
[Date "2003.09.07"]
[Round "2.28"]
[White "Dlouhy, David"]
[Black "Voglova, Eva"]
[Result "1/2-1/2"]
[WhiteElo "1974"]
[BlackElo "1657"]
[PlyCount "56"]
[EventDate "2003.09.06"]

1. d4 Nf6 2. c4 g6 3. Nc3 Bg7 4. e4 d6 5. f3 Nbd7 6. Be3 c6 7. Bd3 e5 8. d5 O-O
9. Qd2 Qc7 10. g4 a6 11. Nge2 cxd5 12. cxd5 b5 13. Ng3 Nc5 14. Bc2 b4 15. Na4
a5 16. Rc1 Nfd7 17. h4 Ba6 18. Bb1 Rfc8 19. Kf2 Qa7 20. b3 f6 21. Kg2 Rc7 22.
g5 Rac8 23. Nb2 Qb7 24. h5 Nf8 25. Nc4 Bxc4 26. Rxc4 Kf7 27. gxf6 Bxf6 28. Rhc1
Nfd7 {remis
} 1/2-1/2